| 000 | 00418cam a22001337a 4500 | ||
|---|---|---|---|
| 008 | 180718b2007 xxu||||| |||| 00| 0 eng d | ||
| 020 | _a978188348007 | ||
| 082 | _aB3x54 Ah48s | ||
| 245 |
_aSustainable development through good governance _cedited by J.S. Ahluwalia |
||
| 260 |
_aNew Delhi _bWorld Environment Foundation _c2007 |
||
| 650 | _aEnvironment | ||
| 650 | _aSustainable development | ||
| 700 | _aAhluwalia, J.S. | ||
| 999 |
_c495308 _d495308 |
||